Logo biblioteca
Santa Fe 2917, Rosario, Santa Fe
Lu-Vi 8 a 19.45
+54-341-4232362
bibliotecaeudoro@gmail.com
Facebook Biblioteca Pedagógica
Sitio web

Industrias y andanzas de Alfanhui / (Registro nro. 32534)

Detalles MARC
000 -CABECERA
campo fijo de control de longitud 00754nam a2200229 4500
001 - NÚMERO DE CONTROL
campo de control 32534
003 - IDENTIFICADOR DEL NÚMERO DE CONTROL
campo de control AR-RoBPED
005 - FECHA Y HORADE LA ULTIMA TRANSACCION
campo de control 20260410155856.0
008 - ELEMENTOS DE LONGITUD FIJA--INFORMACION GENERAL
campo fijo de control de longitud 260408s1970 es ||||er|||| 001 1 spa d
040 ## - FUENTE CATALOGADORA
Centro catalogador/agencia de origen AR-RoBPED
041 ## - IDIOMA
Código de idioma para texto/pista de sonido o título independiente spa
100 ## - ENCABEZAMIENTO PRINCIPAL--AUTOR PERSONAL
Nombre de persona Sánchez Ferlosio, Rafael
Fechas nac-muerte 1927-2019
9 (RLIN) 30645
245 1# - TITULO
Título Industrias y andanzas de Alfanhui /
Mención de responsabilidad Rafael Sanchez Ferlosio; prólogo de Juan Benet Goitia
260 ## - PUBLICACION
Lugar Estella :
Editor Salvat,
Fecha 1970.
300 ## - DESCRIPCION FISICA
Extensión 161 p.
490 0# - SERIE
Mención de serie (Biblioteca Básica Salvat ;
Designación de volumen o secuencia N°60)
650 #4 - TERMINO DE MATERIA--CONTROLADO
Término controlado LITERATURA ESPAÑOLA
9 (RLIN) 687
Término controlado NOVELAS
9 (RLIN) 25
700 ## - ENCABEZAMIENTO SECUNDARIO--AUTOR PERSONAL
Nombre de persona Benet Goitia, Juan
Fecha de nac-muerte 1927-1993
9 (RLIN) 30647
Función prol.
942 ## - ELEMENTOS KOHA
Fuente de clasificación Universal Decimal Classification
Número Koha k. 32534
Koha tipo de ítem Libro
Clasificación 860-31
Signatura librística SF 21
Inventario inv. 42339
945 ## - PROCESAMIENTO DE LA INFORMACIÓN LOCAL
Catalogador y fecha mm 08/04/2026 - cd 10/04/2026
Existencias
Estado retirado Estado perdido Fuente de clasificación Estado dañado No se presta Biblioteca propietaria Biblioteca de reserva Fecha de adquisición Procedencia Total de préstamos Signatura topográfica completa Código de barras (nº de inventario) Fecha visto por última vez Catalogador y fecha Tipo de ítem Koha Nota pública
    Universal Decimal Classification     Biblioteca Pedagógica Eudoro Díaz Biblioteca Pedagógica Eudoro Díaz 27/03/2026 Donación   860-31 SF 21 42339 08/04/2026 mm 08/04/2026 Libro Se presta 15 días.